000 00594 a2200229 4500
005 20260202164401.0
008 260202b |||||||| |||| 00| 0 eng d
020 _a9789363465053
_cRs. 3995.00
040 _aMAIN
082 _a572.028
_bN164R
100 _aNarayana, Suresh P
110 _a
245 _aResearch methodology in biochemistry
260 _bScientific Publishers
_c2025
_aNew Delhi
300 _axii, 429
650 _aLife Sciences
650 _aBiochemistry
650 _aResearch Methodology
700 _aVaralakshmi, D
700 _aPullaiah, T
942 _cBK
999 _c395195
_d395195